Space Exploration Quiz (HARD) - Statistics

General Stats
  • This quiz has been taken 27 times
  • The average score is 16 of 30
Answer Stats
Hint Answer % Correct
First artificial satellite Sputnik
91%
Titan is the moon of this planet Saturn
87%
Year of last Apollo mission 1972
83%
Farthest planet from the sun Neptune
83%
Farthest manmade object Voyager 1
83%
First man in space Yuri Gagarin
83%
Number of last Apollo mission to land on the Moon 17
74%
Spacecraft part meant to keep vessel safe during reentry Heat Shield
74%
Name of capsule used in Artemis prorgram Orion
61%
Name of Lunar basin where Apollo 11 landed Sea of Tranquility
61%
Only spacecraft to reach farthest planet Voyager 2
61%
Year NASA was founded 1958
52%
Main Soviet rocket launch site Baikonur Cosmodrome
52%
Designer of the V-2 Wernher Von Braun
52%
Component that exploded on Apollo 13 Oxygen Tank
48%
Name of NASA program that preceded Apollo Gemini
43%
Name of CM Pilot of Apollo 11 that didn't walk on the moon Michael Collins
43%
Name of radiation belts in space around Earth Van Allen Radiation Belts
43%
Soviet probes that landed on Venus Venera
43%
First name of the man after whom a space telescope launched in 1990 was named Edwin
39%
Name of rocket/ICBM that launched first American into space Mercury Redstone
39%
Name of first US space station Skylab
39%
Space maneuver to go from Earth orbit towards the Moon Trans-Lunar Injection
35%
First spacecraft to orbit Jupiter Galileo
30%
Name of probe that landed on Titan in 2005 Huygens
30%
Name of failed Soviet moon rocket N-1
30%
First spacecraft to land on Mars Viking 1
30%
Name of NASA before it became NASA NACA
26%
Name of rocket/ICBM that launched first satellite R-7 Semyorka
26%
Name of main liquid fueled engines the Space Shuttle and SLS used RS-25
26%
No matching quizzes found
Score Distribution
Percent of People with Each Score
Percentile by Number Answered
Your Score History
You have not taken this quiz